000 00707nam a2200265Ia 4500
001 4469
005 20240113233738.0
007 ta
008 050613s a g b000 u hin u
020 _cHB
040 _aCotton College,Assam
041 _ahin
082 _a891.43109
_bYa 29 ka
100 _aYayawar, Bharat .
245 0 _aKavi Kedarnath Singh /
_cBharat Yayawar & Raja Khugshal.
_hTextual Documents
250 _a1st ed. /
260 _aBihar :
_bBipaksha ,
_cNd.
300 _a199p. :
_bill. ;
_c21cm .
653 _aHindi poetry-Criticism
653 _aHindi poets-Kedarnath Singh
653 _aGen-Hindi
942 _2ddc
_cBK
999 _c4456
_d4456